Sučasni vikliki dlja sistemi viščoj osviti Slovac`koj respubliki ta Ukrajini
Uložené v:
| Hlavný autor: | |
|---|---|
| Ďalší autori: | |
| Médium: | Kapitola |
| Jazyk: | Ukrainian |
| Tagy: |
Žiadne tagy, Buďte prvý, kto otaguje tento záznam!
|
MARC
| LEADER | 00000naa$a2200000$$$4500 | ||
|---|---|---|---|
| 001 | 0208153 | ||
| 005 | 20240502083520.4 | ||
| 041 | 0 | |a ukr | |
| 044 | |a UA | ||
| 245 | 1 | 0 | |a Sučasni vikliki dlja sistemi viščoj osviti Slovac`koj respubliki ta Ukrajini |c Marián Vongrej, T. Nestorenko |
| 500 | |a Abstrakt | ||
| 100 | 1 | |a Vongrej, Marián | |
| 700 | 1 | |a Nestorenko, T. | |